Sports Quiz

Random Sports or Soccer Quiz
Score 0/5 Timer 03:00
1 Play Today
Winners Club % Correct
35Benfica
99.6%
27Porto
99.3%
18Sporting
98.5%
1Boavista
83.9%
1Belenenses
63.7%

You're not logged in!

Compare scores with friends on all Sporcle quizzes.
OR
Log In

Sporcle TV

Today on Sporcle TV


Watch our educational content, quiz creation guides, and fun videos on Sporcle TV.

Show Comments

Extras

Created Sep 25, 2013ReportNominate
Tags:Soccer Quiz, portugal

Top Quizzes Today


Score Distribution

Paid Content

Your Account Isn't Verified!

In order to create a playlist on Sporcle, you need to verify the email address you used during registration. Go to your Sporcle Settings to finish the process.

Report this User

Report this user for behavior that violates our Community Guidelines.

Details: